| 000 | 00545nam a2200217Ia 4500 | ||
|---|---|---|---|
| 008 | 210210b1953 xxu||||| |||| 00| 0 eng d | ||
| 041 | _aeng | ||
| 082 | _a320/276 | ||
| 100 | _aJENNINGS (Ivor) | ||
| 245 | _aSome characteristics of the Indian constitution | ||
| 260 |
_aLondon _bGeoffrey Cumberlege Oxford University Press _c1953 |
||
| 300 | _a86 | ||
| 650 | _athe | ||
| 650 | _aSome | ||
| 650 | _aof | ||
| 650 | _aIndian | ||
| 650 | _aconstitution | ||
| 650 | _acharacteristics | ||
| 690 | _aIndian Constitution | ||
| 906 | _a002024 | ||
| 999 |
_c118081 _d118081 |
||